Mortgage management for dummies

Bibliographic Details
Main Authors: Tyson, Eric (Author), Griswold, Robert (Author)
Format: Book
Language:English
Published: Hoboken, NJ : For Dummies, a Wiley Brand 2017
Edition:First edition
Series:For dummies
Subjects:

MARC

LEADER 00000cam a2200000 7i4500
001 0000030071
005 20241202.0
008 220920 nju eng
020 |a 9781119387794 
040 |a INS   |b eng   |e rda 
090 0 0 |a HG2040.15   |b .T97 2017 
100 0 |a Tyson, Eric ,   |e author 
245 1 0 |a Mortgage management for dummies   |c by Eric Tyson, MBA, and Robert S. Griswold, MSBA, with Ray Brown 
250 |a First edition 
264 1 |a Hoboken, NJ :   |b For Dummies, a Wiley Brand   |c 2017 
300 |a xvi, 292 pages ;   |c 23 cm. 
336 |a text  |2 rdacontent 
337 |a unmediated  |2 rdamedia 
338 |a volume  |2 rdacarrier 
490 1 |a For dummies 
500 |a Includes index 
650 0 |a Mortgage loans   |v Handbooks, manuals, etc. 
700 1 |a Griswold, Robert ,   |e author 
999 |a 1000004566   |b BOOK   |c Open Shelf   |e Default branch